Một số dạng dụng cụ và mô hình nuôi tôm nước lợ vùng ĐBSCL

Đã lưu trong:
書目詳細資料
主要作者: Trần, Thị Thanh Hiền
格式: 圖書
語言:Undetermined
出版: Cần Thơ Trường Đại học Cần Thơ 1992
主題:
標簽: 添加標簽
沒有標簽, 成為第一個標記此記錄!
Thư viện lưu trữ: Trung tâm Học liệu Trường Đại học Cần Thơ
LEADER 00668nam a2200181Ia 4500
001 CTU_161439
008 210402s9999 xx 000 0 und d
082 |a 639.68 
082 |b H305 
100 |a Trần, Thị Thanh Hiền 
245 0 |a Một số dạng dụng cụ và mô hình nuôi tôm nước lợ vùng ĐBSCL 
245 0 |c Trần Thị Thanh Hiền, Nguyễn Tấn Nhơn, Nguyễn Quốc Trí 
260 |a Cần Thơ 
260 |b Trường Đại học Cần Thơ 
260 |c 1992 
650 |a Shrim culture,Nuôi tôm 
904 |i Trọng Hải 
980 |a Trung tâm Học liệu Trường Đại học Cần Thơ